|
|
|
|
| LEADER |
00000nam a2200000Ia 4500 |
| 008 |
150922b1997 sp ||||| |||| 00| | spa d |
| 020 |
|
|
|a 8477384495
|
| 090 |
|
|
|a 18.03.00
|b 1029
|
| 100 |
1 |
|
|a Valles S., Miguel
|9 1054
|
| 245 |
1 |
0 |
|a Técnicas de Investigación cualitativa de Investigación social: Reflexión Metodológica y practica profesional
|
| 260 |
|
|
|a España :
|b Editorial Síntesis,
|c 1997
|
| 300 |
|
|
|a 430 páginas
|
| 650 |
1 |
4 |
|a INVESTIGACIÓN CUALITATIVA
|9 317
|
| 650 |
1 |
4 |
|a INVESTIGACIÓN SOCIAL
|9 290
|
| 650 |
1 |
4 |
|a ANÁLISIS CUALITATIVO
|9 1055
|
| 942 |
|
|
|i 001713
|h 18.03.00 1029
|2 z
|c 01
|
| 999 |
|
|
|c 268
|d 268
|